书目信息 |
| 题名: |
自密实混凝土及堆石混凝土施工常见问题的预防和处理
|
|
| 作者: | 李风亮 , 闭忠明 , 王腾飞 , 吴威 编 | |
| 分册: | ||
| 出版信息: | 郑州 黄河水利出版社 2024.12 |
|
| 页数: | 126页 | |
| 开本: | 24cm | |
| 丛书名: | ||
| 单 册: | ||
| 中图分类: | TU755 | |
| 科图分类: | ||
| 主题词: | 混凝土施工--hun ning tu shi gong--研究 | |
| 电子资源: | ||
| ISBN: | 978-7-5509-4125-0 | |
| 000 | 01431nam0 2200301 450 | |
| 001 | 93143 | |
| 005 | 20250818193846.93 | |
| 010 | @a978-7-5509-4125-0@dCNY68.00 | |
| 100 | @a20250520d2024 em y0chiy50 ea | |
| 101 | 0 | @achi |
| 102 | @aCN@b410000 | |
| 105 | @aa a 000yy | |
| 106 | @ar | |
| 200 | 1 | @a自密实混凝土及堆石混凝土施工常见问题的预防和处理@Azi mi shi hun ning tu ji dui shi hun ning tu shi gong chang jian wen ti de yu fang he chu li@f李风亮 ... [等] 编 |
| 210 | @a郑州@c黄河水利出版社@d2024.12 | |
| 215 | @a126页@c图 (部分彩图)@d24cm | |
| 304 | @a题名页题其余责任者: 闭忠明, 王腾飞, 吴威 | |
| 314 | @a李风亮, 汉族, 研究生学历, 工作于北京华石纳固科技有限公司, 高级工程师, 重庆科技学院研究生导师, 参与编写《堆石混凝土筑坝技术导则》《水利水电堆石混凝土施工规范》等技术标准, 发表论文10篇。 | |
| 320 | @a有书目 (第126页) | |
| 330 | @a本书共两章: 第一章围绕自密实混凝土施工常见问题, 介绍了自密实混凝土的生产拌和问题、自密实混凝土泵送问题、自密实混凝土仓面浇筑施工问题、外观面问题的常见原因及预防和处理方法。第二章介绍了堆石混凝土施工常见问题的预防和处理, 包括仓面堆石问题及堆石混凝土浇筑问题的预防和处理。 | |
| 606 | 0 | @a混凝土施工@Ahun ning tu shi gong@x研究 |
| 690 | @aTU755@v5 | |
| 701 | 0 | @a李风亮@Ali feng liang@4编 |
| 701 | 0 | @a闭忠明@Abi zhong ming@4编 |
| 701 | 0 | @a王腾飞@Awang teng fei@4编 |
| 701 | 0 | @a吴威@Awu wei@4编 |
| 801 | 0 | @aCN@c20250909 |
| 905 | @a河南城建学院图书馆@dTU755@eL150@f1 | |
| 自密实混凝土及堆石混凝土施工常见问题的预防和处理/李风亮 ... [等] 编.-郑州:黄河水利出版社,2024.12 |
| 126页:图 (部分彩图);24cm |
| ISBN 978-7-5509-4125-0:CNY68.00 |
| 本书共两章: 第一章围绕自密实混凝土施工常见问题, 介绍了自密实混凝土的生产拌和问题、自密实混凝土泵送问题、自密实混凝土仓面浇筑施工问题、外观面问题的常见原因及预防和处理方法。第二章介绍了堆石混凝土施工常见问题的预防和处理, 包括仓面堆石问题及堆石混凝土浇筑问题的预防和处理。 |
| ● |
| 相关链接 |
|
|
|
正题名:自密实混凝土及堆石混凝土施工常见问题的预
索取号:TU755/L150
 
预约/预借
| 序号 | 登录号 | 条形码 | 馆藏地/架位号 | 状态 | 备注 |
| 1 | 1627101 | 216271013 | 建筑库201/201建筑库 42排1列5层/ [索取号:TU755/L150] | 在馆 |